Harry Potter and the deathly hallows (Record no. 4841)
[ view plain ]
| 000 -LEADER | |
|---|---|
| fixed length control field | 00506 a2200169 4500 |
| 020 ## - INTERNATIONAL STANDARD BOOK NUMBER | |
| Terms of availability | 975.00 |
| 035 ## - SYSTEM CONTROL NUMBER | |
| System control number | B-211639 |
| 037 ## - SOURCE OF ACQUISITION | |
| Source of stock number/acquisition | RP-RKP-8-183 / UBH-07-08:9 / RP-07-08:ENG |
| 082 14 - DEWEY DECIMAL CLASSIFICATION NUMBER | |
| Classification number | N |
| 090 ## - LOCALLY ASSIGNED LC-TYPE CALL NUMBER (OCLC); LOCAL CALL NUMBER (OCLC) | |
| -- | 4934 |
| -- | 4934 |
| 100 1# - MAIN ENTRY--PERSONAL NAME | |
| Personal name | Rowling, J.K. |
| 245 1# - TITLE STATEMENT | |
| Title | Harry Potter and the deathly hallows |
| Statement of responsibility, etc | by J.K. Rowling |
| 260 ## - PUBLICATION, DISTRIBUTION, ETC. (IMPRINT) | |
| Place of publication, distribution, etc | London |
| Name of publisher, distributor, etc | Bloomsvury Publishing |
| 300 ## - PHYSICAL DESCRIPTION | |
| Extent | 607 p |
| 942 ## - ADDED ENTRY ELEMENTS (KOHA) | |
| Institution code [OBSOLETE] | dpl |
| Koha item type | English Books |
| Call number prefix | N / ROW |
| Withdrawn status | Lost status | Source of classification or shelving scheme | Damaged status | Not for loan | Collection code | Home library | Current library | Cost, normal purchase price | Total Checkouts | Full call number | Barcode | Date last seen | Uniform Resource Identifier | Cost, replacement price | Price effective from | Koha item type |
|---|---|---|---|---|---|---|---|---|---|---|---|---|---|---|---|---|
| Dewey Decimal Classification | Fiction | R.K.Puram-8 | R.K.Puram-8 | 975.00 | N OW | B-211639 | 15/09/2008 | 5140 | 975.00 | 15/09/2008 | English Books |
